| 000 | 00614nam a2200205 a 4500 | ||
|---|---|---|---|
| 005 | 20220518160632.0 | ||
| 008 | 031007s1987 mx r 000 0 spa d | ||
| 035 | _aUPN01000129705 | ||
| 049 | _aCG | ||
| 050 | 4 |
_aTX558 S7 _bQ47 |
|
| 245 | 0 | 1 |
_a¡Qué rica es la soya! : _bun recetario con mucha proteína / _ccoord. Gilberto Sánchez Azuara. |
| 260 |
_aMéxico : _bINI, _c1987. |
||
| 300 |
_a62 p. : _bil. |
||
| 440 | 0 |
_aCuadernos literarios ; _v5 |
|
| 650 | 4 | _aSOYA | |
| 650 | 4 |
_aALIMENTOS - _xSUBSTITUTOS _92308 |
|
| 650 | 4 | _aPROTEINAS | |
| 700 | 1 |
_aSánchez Azuara, Gilberto _ecoord. _929931 |
|
| 905 | _aLibro | ||
| 999 |
_c101868 _d101868 |
||